| 000 | 00443cam a2200169ua 4500 | ||
|---|---|---|---|
| 003 | OSt | ||
| 005 | 20260209110846.0 | ||
| 008 | 260209b |||||||| |||| 00| 0 eng d | ||
| 041 | _aeng | ||
| 082 |
_a630.954 _bRAW/HI |
||
| 100 |
_aRandhawa, M S. _97849 |
||
| 245 | _aHistory of agriculture in India vol-1 / | ||
| 250 | _a1 / | ||
| 260 |
_aNew Delhi : _bIndian Council for Agricultural Research , _c1980. |
||
| 300 | _a541 ; . | ||
| 942 | _cBK | ||
| 999 |
_c7416 _d7416 |
||